| 000 | 00838nam a2200277Ia 4500 | ||
|---|---|---|---|
| 001 | 16496 | ||
| 003 | GE_BSU | ||
| 008 | 181216s||||||||xx |||||||||||||| ||und|| | ||
| 020 | _a9785160090436 | ||
| 040 | _cGE_BSU | ||
| 080 | _a543(075.8) | ||
| 100 | _aЖебентяев,А,И, А,К, Жерносек,И,Е,Талуть | ||
| 245 | _aАналитическая химия | ||
| 245 | _bПрактикум:Учеб,пособие | ||
| 245 | _cРЕД:Т,Р,Джум, Худ:С,В,Ковалевский | ||
| 260 | _aМосква | ||
| 260 | _bИнфра | ||
| 260 | _c2014 | ||
| 300 | _a429стр,22см | ||
| 300 | _eбиблиог.стр. 428 | ||
| 541 | _h58л | ||
| 653 | _aАналитическая химия | ||
| 653 | _aхимия | ||
| 653 | _aანალიტიკური ქიმია | ||
| 942 | _cBK | ||
| 999 |
_c49564 _d49564 |
||